000 00217nam a22001097a 4500
999 _c65163
_d65160
082 _a297.923ش ب ل
100 _aشبلی
245 _aسیرۃ النبی
260 _aکراچی
300 _a۲۱۴
942 _cBK